| 000 | 03505nam a2200385 4500 | ||
|---|---|---|---|
| 003 | EC-UNACH | ||
| 005 | 20230321151626.0 | ||
| 006 | s||||gr|||| 00| 00 | ||
| 008 | 150116t9999 mx r gr 000 0 spa d | ||
| 020 | _a978-9942-615-29-9 | ||
| 040 |
_aEC-UNACH _cEC-UNACH |
||
| 041 | _aspa | ||
| 082 | 0 | 4 |
_223 _a330 _bL015065 |
| 100 | _aNaranjo Navas, Cristian Paúl / Yerbabuena Torres, Carlos Fernando / Gonzalez Toapanta Hugo German / Peñaherrera Sanipatin, Paulina Elizabeth | ||
| 245 |
_aDe la influencia bancaria a la crisis internacional _bUna revisión analítica de los eventos de las décadas de los veinte y treinta en Ecuador |
||
| 250 | _aPrimera Edición | ||
| 264 |
_aRiobamba _bUniversidad Nacional de Chimborazo _c2023 |
||
| 264 | _bProducción UNACH | ||
| 300 |
_a130 páginas _btablas, figuras |
||
| 500 | _aLa Belle Époque, construida alrededor de la prosperidad, la ciencia y el optimismo, se expande por Iberoamérica a través del creciente comercio internacional, la segunda ola de industrialización y, en el área política, la influencia del liberalismo clásico en todas sus expresiones, desde el conservadurismo hasta el secularismo. Los vínculos económicos se fortalecen a nivel internacional, aunque, internamente, la región enfrenta múltiples conflictos políticos y sociales. A pesar del optimismo de La Época Bella, vista en el creciente intercambio comercial y cultural, América Latina intenta construirse en medio del conflicto político-armado, de la pugna de intereses económicos y del endeble estado de derecho. Las últimas décadas del siglo XIX se ven embadurnadas con sangre vertida de las guerras civiles entre conservadores y liberales (Colombia, Ecuador), caudillos militares (Antonio Guzmán Blanco en Venezuela), conquistas territoriales (Campaña del Desierto, Argentina), guerras entre naciones (Chile, Bolivia, Perú), etc. Las primeras décadas del siglo XX siguen el mismo patrón, a decir: un repunte de las inversiones y el comercio externo. Estos años muestran un auge en las inversiones en sectores como la agricultura, extracción de petróleo, minerales industriales, servicios públicos, ferrocarriles y comercio. Por otro lado, los conflictos crecen aceleradamente, la región se ve ensimismada con la Revolución mexicana (1910-1920), Primera y Segunda Guerra Civil de Honduras (1919, 1924), Guerra de Coto (1921), Guerra Civil paraguaya (1922-1923), Guerra colombo-peruana (1932-1933), Guerra del Chaco (1932-1935), etc. | ||
| 501 | _aIncluye: índice, índice de tablas, índice de figuras. | ||
| 505 | _aCRISIS DEL LIBERALISMO PLUTOCRÁTICO E INICIOS DEL SOCIALISMO, 1916-1926.-- LA PLUTOCRACIA EN ECUADOR DURANTE LA SEGUNDA DÉCADA DEL SIGLO XX.-- ECUADOR Y LA CRISIS INTERNACIONAL. UNA REVISIÓN DE LAS POLÍTICAS ECONÓMICAS DE 1927 A 1937.-- LOS PROCESOS ELECTORALES EN LA PRIMERA ETAPA DEL CONSTITUCIONALISMO CONTEMPORÁNEO DEL ECUADOR (1931- 1940) | ||
| 650 | _aLiberalismo plutocrático | ||
| 650 | _aCrisis internacional | ||
| 650 | _aEconomía | ||
| 856 |
_uhttps://doi.org/10.37135/u.editorial.05.76 _yLibro digital De la influencia bancaria a la crisis internacional Una revisión analítica de los eventos de las décadas de los veinte y treinta en Ecuador |
||
| 942 |
_2ddc _c1 |
||
| 999 | _c11570 | ||